000 00704nam a2200253Ia 4500
005 20260429111953.0
008 260429s9999||||xx |||||||||||||| ||und||
020 _a9783111303161
041 _aEnglish
082 _a363.7288
_bSUY
100 _aSuyal, Neha
245 0 _aBiomedical waste management :
_bbioremediation and recycling /
_cNeha Suyal
260 _aGermany :
_bDe Gruyter,
_c2024.
300 _axiii, 285 p.; hb
650 _a Biomedical wastes
650 _a Recycling
650 _a Waste management
650 _aEnvironmental science
700 _a Bora, Roop S.
700 _a Debbarma, Prasenjit
700 _a Mishra, Anita
700 _a Singh, Manali
942 _cTB
999 _c51682
_d51682